000 00680nam a2200229 a 4500
008
020 _a0256058334 (hbk.)
049 _aMAIN
090 _aHF5657.4
_bGAR
100 1 _aGarrison, Ray H.
245 1 0 _aManagerial accounting :
_bconcepts for planning, control, decision making /
_cRay H. Garrison.
250 _a5th ed.
260 _aHomewood, IL :
_bBPI-Irwin,
_c1988.
300 _axxiii, 885 p. :
_bill. ;
_c24 cm.
500 _aIncludes index.
650 0 _aManagerial accounting.
907 _a.b10008901
_b29-03-10
_c17-04-03
003
005 20230123133453.0
040 _cNUST
942 _cBOOKS
_kHF5657.4
_mGAR
999 _c149133
_d149133